000 00800nab a2200241 u 4500
001 11006
003 HDC
007 cr bn ---aaaaa
008 210206c mydr|nes 0 a eng d
040 _aHDC
245 0 _aTurkey to host its maiden halal tourism summit next year
260 _a[no place] :
_b[publisher not identified],
_c[no year]
336 _atext
_2rdacontent
337 _acomputer
_2rdamedia
338 _aonline resource
_2rdacarrier
650 _aHalal industry
_9144
650 _aHalal tourism
_9529
710 _aTravel and Tour World
856 _zRequest full-text at [email protected]
942 _2lcc
942 _cNEWS
942 _kNWSO 000289
999 _c8329
_d8329